| 000 | 00426nam a22001697a 4500 | ||
|---|---|---|---|
| 005 | 20180718115901.0 | ||
| 008 | 160512b xxu||||| |||| 00| 0 eng d | ||
| 020 | _a0-7069-9898-7 | ||
| 041 | _aeng | ||
| 082 |
_b1678 _a658.1511 |
||
| 100 |
_aPandey, I. M. _94449 |
||
| 245 | _aEssentials of management Accounting | ||
| 260 |
_aNew Delhi _bVikas Publishing _c1995 |
||
| 300 | _a379p, | ||
| 650 |
_aManagement _9241 |
||
| 942 | _cBK | ||
| 999 |
_c651 _d651 |
||